000
00207 a2200097 4500
001
43222
100
_a
Priestley,
245
_a
Salt is leaving
260
_a
London
_b
Pan books ltd
_c
090
_c
27065
_d
27065
942
_a
NUST-CAE
_c
M
_c
18964
999
_c
278295
_d
278295